6. [Sechster] internationaler Elektrowarme-Kongress. : 6th International congress on Electro-Heat. 6e Congres international d'electrothermie, 13-18 mai 1968, Brighton, Hotel Metropole /
| Corporate Authors: | , , |
|---|---|
| Format: | Conference Proceeding Book |
| Language: | German English French |
| Published: |
Paris :
Union internationale d'electrothermie,
1969.
|
| Subjects: |
MARC
| Tag | First Indicator | Second Indicator | Subfields |
|---|---|---|---|
| LEADER | 00000cam a2200000 4500 | ||
| 001 | in00000095871 | ||
| 005 | 20150925085817.0 | ||
| 008 | 800401s1969 fr a b 10010 ger | ||
| 010 | |a 75525303 | ||
| 015 | |a F*** | ||
| 035 | |a (OCoLC)06155207 | ||
| 035 | |9 AAL2094AM | ||
| 040 | |a DLC |c TXA |d UtOrBLW | ||
| 041 | 0 | |a ger |a eng |a fre | |
| 049 | |a TXAM |c [1143986] | ||
| 050 | 0 | |a TK4601 |b .I53 1968 | |
| 111 | 2 | |a International Congress on Electroheat |n (6th : |d 1968 : |c Brighton) | |
| 245 | 1 | 0 | |a 6. [Sechster] internationaler Elektrowarme-Kongress. : |b 6th International congress on Electro-Heat. 6e Congres international d'electrothermie, 13-18 mai 1968, Brighton, Hotel Metropole / |c Veranstaltet von ... l'Union internationale d'electrothermie (U.I.E.) und ... The British National Committee for Electro-Heat. |
| 264 | 1 | |a Paris : |b Union internationale d'electrothermie, |c 1969. | |
| 300 | |a 1 volume (various pagings) : |b illustrations ; |c 30 cm. | ||
| 336 | |a text |b txt |2 rdacontent | ||
| 337 | |a unmediated |b n |2 rdamedia | ||
| 338 | |a volume |b nc |2 rdacarrier | ||
| 500 | |a English, French, or German. | ||
| 504 | |a Includes bibliographies. | ||
| 650 | 0 | |a Electric heating |x Congresses. | |
| 710 | 2 | |a International Union for Electroheat. | |
| 710 | 2 | |a British National Committee for Electro-Heat. | |
| 999 | |a MARS | ||
| 999 | f | f | |s 271a8e3b-ffc7-3fac-a53c-febd9d60abea |i 28232552-3e3c-3383-8074-1cd87c8af091 |t 0 |
| 952 | f | f | |p ric |a Texas A&M University |b Rellis Campus |c Joint Library Facility |d Remote Storage |t 0 |e TK4601 .I53 1968 |h Library of Congress classification |i unmediated -- volume |m A14805478035 |
| 998 | f | f | |a TK4601 .I53 1968 |t 0 |l Remote Storage |